| 000 | 01326nam a2200361 a 4500 | ||
|---|---|---|---|
| 003 | DO-SdBPM | ||
| 005 | 20260224121455.0 | ||
| 007 | ta | ||
| 008 | 110128s2017 dr 000 0 spa d | ||
| 020 | _a9789945165975 | ||
| 040 |
_aDO-SdBPM _bspa _cBPMSU _erda |
||
| 082 | 0 | 4 |
_a378.97293 _bJ58m 2017 _222 |
| 100 | 1 |
_aJesús Ulerio, Luis Felipe de _4aut. _eautor _d |
|
| 245 | 1 | 0 |
_aManual de orientación universitaria : _b (ORI-100) por la evangelización de la cultura / _c Luis Felipe de Jesús Ulerio, María Garate, Héctor A. Valera. |
| 250 | _a2a ed. | ||
| 260 |
_b _c |
||
| 264 |
_aSanto Domingo : _bUniversidad Católica Santo Domingo _c2017 |
||
| 300 |
_a257 p. ; _c23 cm. |
||
| 336 |
_atexto _btxt _2rdacontent |
||
| 337 |
_asin mediación _bn _2rdamedia |
||
| 338 |
_avolumen _bnc _0rdacarrier |
||
| 500 | _aIncluye índice onomástico | ||
| 500 | _aIncluye datos biográficos del autor en la contracubierta | ||
| 500 | _aIncluye referencias bibliográficas y notas al pie de las páginas | ||
| 590 | _aInventariado, 2026/VM | ||
| 590 | _6Inventariado, 2026/VM | ||
| 650 |
_aUniversidades _zRepública Dominicana |
||
| 650 | 7 | _aDocencia universitaria | |
| 650 | 7 | _aTutores y tutorías | |
| 710 | 2 | _aUniversidad Católica Santo mieng | |
| 910 | _aVMateo V. Control de calida. BPMSU | ||
| 942 |
_2ddc _cBK |
||
| 999 |
_c15729 _d15729 |
||